Cieľové kalkulácie nákladov

Guardado en:
Detalles Bibliográficos
Autor principal: Tóth, Miroslav, 1961-
Formato: Capítulo de libro
Lenguaje:eslovaco
Etiquetas: Agregar Etiqueta
Sin Etiquetas, Sea el primero en etiquetar este registro!

MARC

LEADER 00000naa$a2200000$$$4500
001 0167342
005 20240502072922.7
041 0 |a slo 
044 |a SK 
245 1 0 |a Cieľové kalkulácie nákladov  |c Miroslav Tóth 
100 1 |a Tóth, Miroslav, 1961-